000 03494nam a22002297a 4500
003 BD-DhCDI
005 20251112050224.0
008 251112b bg ||||| |||| 00| 0 ben d
020 _a9789849886662
_qpaper back
040 _aBD-DhCDI
_bBD-DhCDI
_cBD-DhCDI
082 _223
_a530.092
_bEIA 2024
100 _aআইনস্টাইন, আলবার্ট
_eলেখক
_91652
245 _aআলবার্ট আইনস্টাইন:নির্বাচিত বিজ্ঞান ও দর্শন বিষয়ক রচনা এবং উদ্ধৃতি :
_cআলবার্ট আইনস্টাইন
246 _aAlbert Einstein
260 _aBangladesh;
_bPathok Somabesh,
_c2024.
300 _a342 p.:
_c22 cm.
520 _aআলবার্ট আইনস্টাইন ছিলেন এমন এক অসাধারণ ব্যক্তি, যিনি দেবতুল্য প্রজ্ঞা ও মানবিক চিন্তায় বিশ্বকে দেখেছিলেন। তিনি ব্রহ্মাণ্ডের সৃষ্টি ও একীভূত সূত্র উদ্ঘাটনের চেষ্টা করেছিলেন। তাঁর বিশেষ ও সাধারণ আপেক্ষিকতা তত্ত্ব (Special & General Theory of Relativity) পদার্থবিজ্ঞানের ধারণাকে নতুনভাবে প্রতিষ্ঠা করে—মহাকর্ষ, আলো, শক্তি ও ভরের সম্পর্ক (E=mc²) সম্পর্কে যুগান্তকারী দৃষ্টিভঙ্গি দেয়। আইনস্টাইনের তত্ত্ব পরমাণুর শক্তির উৎস ও কোয়ান্টাম বলবিদ্যার ভিত্তি স্থাপন করে, নিউটনের স্থির স্পেস-টাইম ধারণা ভেঙে স্পেস-টাইম ধারাবাহিকতা (Space-Time Continuum)-এর ধারণা দেয়। তাঁর গবেষণার ফলেই আলো বেঁকে যাওয়ার মতো ঘটনা ব্যাখ্যা করা সম্ভব হয়। তিনি ১৯২১ সালে নোবেল পুরস্কার লাভ করেন ফটোইলেকট্রিক ইফেক্ট-এর সূত্র আবিষ্কারের জন্য। বিজ্ঞান ছাড়াও তিনি শান্তি, মানবতা ও দর্শনের দিকেও সমানভাবে নিবেদিত ছিলেন। এই বইয়ের প্রবন্ধগুলোতে আইনস্টাইন তাঁর জটিল বৈজ্ঞানিক ভাবনাকে সহজভাবে তুলে ধরেছেন—যা বিজ্ঞান ও দর্শন দুই ক্ষেত্রেই গুরুত্বপূর্ণ অবদান রেখেছে।
650 _aবিজ্ঞানভিত্তিক প্রবন্ধ, গবেষণা, জার্নাল ও রেফারেন্স
_91653
651 _aPhysics – Biography of Einstein
_91654
700 _aভুইয়া, আমিনুল ইসলাম
_eঅনুবাদ
_91655
942 _2ddc
_cBK
999 _c904
_d904